书目信息 |
| 题名: |
执笔五字法
|
|
| 作者: | 尹默 著 | |
| 分册: | ||
| 出版信息: | 济南 齐鲁书社 1979 |
|
| 页数: | 22页 | |
| 开本: | 26cm | |
| 丛书名: | ||
| 单 册: | ||
| 中图分类: | J292.28 , J292.11 | |
| 科图分类: | ||
| 主题词: | 行书-法书--中国--现代 , 法书-行书--中国--现代 , 书法--中国 , 篆刻--中国 | |
| 电子资源: | ||
| ISBN: | ||
| 000 | 00750nam0 2200301 45 | |
| 001 | 0179007569 | |
| 005 | 20040519144725.2 | |
| 010 | @dCNY0.40 | |
| 091 | @a8206.4 | |
| 100 | @a19950724e1979 em y0chiy0121 ea | |
| 101 | 0 | @achi |
| 102 | @aCN@b370000 | |
| 105 | @ay z 000yy | |
| 106 | @ar | |
| 200 | 10 | @a执笔五字法@Azhi bi wu zi fa@f尹默著@FYin Mo Zhu |
| 205 | @b影印本 | |
| 210 | @a济南@c齐鲁书社@d1979 | |
| 215 | @a22页@d26cm | |
| 300 | @a影印本 | |
| 606 | @a行书-法书@y中国@z现代 | |
| 606 | @a法书-行书@y中国@z现代 | |
| 606 | 0 | @a书法@x中国 |
| 606 | 0 | @a篆刻@x中国 |
| 690 | @aJ292.28@v3 | |
| 690 | @aJ292.11 | |
| 701 | 0 | @a尹默@4著 |
| 801 | 0 | @aCN@bNLC@c20040519 |
| 905 | @f1@b26564@f2@b208134-135@dJ292.11@e32@b26561@f1 | |
| 执笔五字法/尹默著.-影印本.-济南:齐鲁书社,1979 |
| 22页;26cm |
| 影印本 |
| ISBN :CNY0.40 |
| ● |
| 相关链接 |
|
|
|
|
正题名:执笔五字法
索取号:J292.11/32
 
预约/预借
| 序号 | 登录号 | 条形码 | 馆藏地/架位号 | 状态 | 备注 |
| 1 | 0026561 | 001929845 | 第一借阅区/ [索取号:J292.11/32] | 在馆 | |
| 2 | 0026564 | 001929836 | 第一借阅区/ [索取号:J292.11/32] | 在馆 | |
| 3 | 0208134 | 001216909 | 第一借阅区/ [索取号:J292.11/32] | 在馆 | |
| 4 | 0208135 | 001216892 | 第一借阅区/ [索取号:J292.11/32] | 在馆 |